Diccionario italiano - español y español - italiano = Dizionario italiano - spagnolo e spagnolo - italiano / Emilio M. Martínez Amador ; revisado y ampliado por David Ortega Cavero
Descripción Física:
2069 p. ; 22 cm
Otros Autores:
Ortega Cavero, David
MARC
| LEADER | 00000nam a2200000Ia 4500 | ||
|---|---|---|---|
| 001 | 5670 | ||
| 008 | 160829s1957 xx 000 0 cat d | ||
| 080 | |a Sala Tècnica | ||
| 100 | |a Martínez Amador, Emilio M. |9 32278 | ||
| 245 | |a Diccionario italiano - español y español - italiano = Dizionario italiano - spagnolo e spagnolo - italiano / Emilio M. Martínez Amador ; revisado y ampliado por David Ortega Cavero | ||
| 260 | |a Barcelona : |b Ramon Sopena, |c 1957 | ||
| 300 | |a 2069 p. ; |c 22 cm | ||
| 650 | |a Italià |x Diccionaris |x Castellà |9 32279 | ||
| 650 | |a Castellà |x Diccionaris |x Italià |9 32280 | ||
| 700 | |a Ortega Cavero, David |9 32281 | ||
| 901 | |a Arxiu | ||
| 942 | |n 1 | ||
| 952 | |0 0 |1 0 |4 0 |6 SALA_TÈCNICA |7 1 |9 45931 |a Arxiu |b Arxiu |d 2016-12-01 |l 0 |o Sala Tècnica |p 5670 |r 2016-12-01 00:00:00 |w 2016-12-01 |y ARXIU | ||
| 999 | |c 49432 |d 49432 | ||